| 000 | 01106aam a2200301 a 4500 | ||
|---|---|---|---|
| 001 | 013058879 | ||
| 003 | OSt | ||
| 005 | 20140330111807.0 | ||
| 008 | 040520t2005 vp a frbf 001 0 eng d | ||
| 020 | _a1560229942 (hbk.) | ||
| 020 | _a1560229950 (pbk.) | ||
| 020 | _a9781560229940 | ||
| 040 |
_aStDuBDS _beng _cStDuBDS _dUk |
||
| 082 | 0 | 4 |
_a615.321 _222 _bHAN |
| 245 | 0 | 0 |
_aHandbook of medicinal plants / _ceditors Zohara Yaniv, Uriel Bachrach. |
| 260 |
_aNew York, United States ; _aLondon ; _aOxford, United Kingdom : _bFood Products Press, _bThe Haworth Medical Press, Inc., _cc.2005. |
||
| 300 |
_axxi, 500 p. : _bill. ; _c22 cm. |
||
| 500 | _aIndex : p. 465-500. | ||
| 504 | _aBibliography : p. 462-464. | ||
| 650 | 0 |
_aMateria medica, Vegetable _vHandbooks, manuals, etc. _935677 |
|
| 650 | 0 |
_aMedicinal plants _vHandbooks, manuals, etc. _935678 |
|
| 650 | 0 |
_aTraditional medicine _vHandbooks, manuals, etc. _935679 |
|
| 653 |
_bPPhrm _cMarch2014 |
||
| 655 |
_vtext book _933728 |
||
| 700 | 1 |
_aYaniv, Zohara _eeditor. _935680 |
|
| 700 | 1 |
_aBachrach, Uriel _eeditor. _935681 |
|
| 942 |
_2ddc _k615.321 HAN |
||
| 999 |
_c18118 _d18090 |
||